Normal view
MARC view
- Blake, Bartholomew James,
Entry Personal Name
001 - CONTROL NUMBER
- control field: 121106
003 - CONTROL NUMBER IDENTIFIER
- control field: NUST
005 - DATE AND TIME OF LATEST TRANSACTION
- control field: 20240222151147.0
008 - FIXED-LENGTH DATA ELEMENTS
- fixed length control field: 240222|| aca||aabn | a|a d
040 ## - CATALOGING SOURCE
- Original cataloging agency: NUST
- Transcribing agency: NUST
100 ## - HEADING--PERSONAL NAME
- Personal name: Blake, Bartholomew James,
- Dates associated with a name: 1961-
670 ## - SOURCE DATA FOUND
- Source citation: Work cat.: (NUST): Blake, Bartholomew James, 1961-, An introduction to landscape and garden design /, c2015.
